000 00713nam a2200265 i 4500
001 C2-0290638
003 PPAK
005 20180728023108.0
008 081009s2008 my |||| ||||| | may d
020 _a9789838914963
040 _aPPAK
_beng
_cPPAK
_erda
082 0 4 _a899.233
_223
090 0 0 _a899.233
_bAMY
_dK
100 0 _aAmy Suzani Ainuddin,
_eauthor
245 1 0 _aAndai ini suratan
264 1 _aShah Alam, Selangor :
_bPenerbit Orkid ,
_c2008
300 _a66 pages ;
_c22 cm
336 _2rdacontent
_atext
337 _2rdamedia
_aunmediated
338 _2rdacarrier
_avolume
490 1 _aSiri novel kenangan
650 1 0 _aMalay fiction.
830 0 _aSiri novel kenangan
942 _ddc
_cB
999 _c95864
_d95864